[Event "8th HD Bank Cup 2018"]
[Site "Hanoi VIE"]
[Date "2018.03.14"]
[Round "7.19"]
[White "Dao, Thien Hai"]
[Black "Karavade, Eesha"]
[Result "1/2-1/2"]
[WhiteTitle "GM"]
[BlackTitle "IM"]
[WhiteElo "2474"]
[BlackElo "2391"]
[WhiteFideId "12400084"]
[BlackFideId "5012600"]
[EventDate "2018.03.10"]

1. d4 Nf6 2. c4 e6 3. Nc3 Bb4 4. Qc2 O-O 5. a3 Bxc3+ 6. Qxc3 d5 7. Nf3 dxc4 8.
Qxc4 b6 9. Bf4 Ba6 10. Qa4 Qd7 11. Qxd7 Nbxd7 12. e3 Bxf1 13. Rxf1 c5 14. O-O-O
Rac8 15. Kb1 Rfd8 16. Bg5 Kf8 17. Bh4 h6 18. dxc5 bxc5 19. Kc2 Ke7 20. Nd2 g5
21. Bg3 Nb6 22. e4 Nh5 23. Nb1 f6 24. Rxd8 Rxd8 25. Bc7 Rd7 26. Bxb6 axb6 27. g3
Ng7 28. Nc3 Ne8 29. b3 Nd6 30. a4 Nb7 31. Rd1 1/2-1/2

[Event "8th HD Bank Cup 2018"]
[Site "Hanoi VIE"]
[Date "2018.03.14"]
[Round "7.20"]
[White "Liu, Guanchu"]
[Black "Xu, Zhihang"]
[Result "1/2-1/2"]
[WhiteTitle "IM"]
[BlackTitle "FM"]
[WhiteElo "2460"]
[BlackElo "2364"]
[WhiteFideId "8603901"]
[BlackFideId "8611572"]
[EventDate "2018.03.10"]

1. e4 c5 2. Nf3 Nc6 3. Bb5 g6 4. Bxc6 bxc6 5. O-O Bg7 6. Re1 e5 7. b4 cxb4 8. a3
b3 9. cxb3 d6 10. Bb2 Bg4 11. d4 exd4 12. Bxd4 Bxf3 13. gxf3 Qg5+ 14. Kh1 Be5
15. Bxe5 dxe5 16. Qc1 Qxc1 17. Rxc1 Rd8 18. Ra2 Rd3 19. b4 Ne7 20. Kg2 g5 21.
Rd2 Rb3 22. Rd6 Ng6 23. Rdxc6 O-O 24. R6c3 Rb2 25. R3c2 Rb3 26. Rc3 Rb2 27. R3c2
Rxc2 28. Rxc2 Rd8 29. Nc3 Rd3 30. a4 Nf4+ 31. Kf1 Ne6 32. Ke2 Nf4+ 33. Ke1 Rd4
34. b5 Nd3+ 35. Kf1 Rc4 36. Ke2 Nc5 37. a5 Nb3 38. a6 Nd4+ 39. Kd3 Rb4 40. Rc1
Kg7 41. Rg1 h6 42. f4 Nxb5 43. Nxb5 Rxb5 44. fxg5 Ra5 1/2-1/2

[Event "8th HD Bank Cup 2018"]
[Site "Hanoi VIE"]
[Date "2018.03.14"]
[Round "7.21"]
[White "Nguyen, Van Huy"]
[Black "Setyaki, Azarya Jodi"]
[Result "1-0"]
[WhiteTitle "IM"]
[BlackTitle "FM"]
[WhiteElo "2454"]
[BlackElo "2331"]
[WhiteFideId "12401064"]
[BlackFideId "7101589"]
[EventDate "2018.03.10"]

1. c4 g6 2. Nc3 Bg7 3. d4 d6 4. e4 e5 5. Nf3 Nd7 6. Be2 Ngf6 7. O-O O-O 8. Be3
c6 9. d5 c5 10. Ne1 Ne8 11. Nd3 f5 12. f3 f4 13. Bf2 g5 14. b4 b6 15. a3 a5 16.
bxa5 bxa5 17. Qb3 h5 18. Rfb1 Rf7 19. Kf1 Bf8 20. Ke1 Rg7 21. Kd2 Ndf6 22. Rg1 1-0

[Event "8th HD Bank Cup 2018"]
[Site "Hanoi VIE"]
[Date "2018.03.14"]
[Round "7.22"]
[White "Raja, Harshit"]
[Black "Lu, Chan Hung"]
[Result "1-0"]
[WhiteTitle "IM"]
[BlackTitle "IM"]
[WhiteElo "2444"]
[BlackElo "2181"]
[WhiteFideId "5089000"]
[BlackFideId "12402508"]
[EventDate "2018.03.10"]

1. e4 c5 2. Nf3 Nf6 3. e5 Nd5 4. Nc3 e6 5. Nxd5 exd5 6. d4 Nc6 7. dxc5 Bxc5 8.
Qxd5 d6 9. exd6 Qb6 10. Qe4+ Be6 11. Qh4 Bxd6 12. Be2 Bf5 13. O-O O-O 14. c3
Rae8 15. Qc4 Ne5 16. Nxe5 Rxe5 17. Bf3 Rfe8 18. Bd5 Bg6 19. Be3 Qxb2 20. Rad1
R5e7 21. Bf3 Rc7 22. Qd5 Bf8 23. h4 Bc2 24. Rc1 Ba4 25. Qa5 Rc4 26. Bd5 Rxh4 27.
Rb1 Qc2 28. Bxf7+ Kxf7 29. Qd5+ Re6 30. Rxb7+ Be7 31. Bg5 1-0

[Event "8th HD Bank Cup 2018"]
[Site "Hanoi VIE"]
[Date "2018.03.14"]
[Round "7.23"]
[White "Moksh, Amit Doshi"]
[Black "Czebe, Attila"]
[Result "1/2-1/2"]
[BlackTitle "GM"]
[WhiteElo "2256"]
[BlackElo "2436"]
[WhiteFideId "25064967"]
[BlackFideId "705268"]
[EventDate "2018.03.10"]

1. Nf3 Nf6 2. c4 b6 3. g3 Bb7 4. Bg2 g6 5. d4 Bg7 6. O-O O-O 7. d5 Ne4 8. Qc2 f5
9. Ng5 Nd6 10. Be3 Na6 11. Nd2 h6 12. Ngf3 e5 13. dxe6 dxe6 14. Rad1 Qe7 15. a3
g5 1/2-1/2

[Event "8th HD Bank Cup 2018"]
[Site "Hanoi VIE"]
[Date "2018.03.14"]
[Round "7.24"]
[White "Nandhidhaa, PV"]
[Black "Llaneza Vega, Marcos"]
[Result "1/2-1/2"]
[WhiteTitle "WIM"]
[BlackTitle "IM"]
[WhiteElo "2261"]
[BlackElo "2430"]
[WhiteFideId "5050847"]
[BlackFideId "2253585"]
[EventDate "2018.03.10"]

1. e4 e5 2. Nf3 Nc6 3. Bb5 Nd4 4. Nxd4 exd4 5. Bc4 Nf6 6. O-O c6 7. Re1 d6 8. c3
Ng4 9. h3 Ne5 10. Bf1 d3 11. f4 Qb6+ 12. Kh1 h5 13. Re3 Nc4 14. Rg3 g5 15. Na3
Nxa3 16. bxa3 Bg4 17. Qe1 gxf4 18. Rxd3 O-O-O 19. c4 Bg7 20. Rb3 Qc5 21. Rab1 b6
22. a4 Bd4 23. Ba3 Qe5 24. Bb2 Bxb2 25. R1xb2 f5 26. d3 fxe4 27. dxe4 Bf5 28. a5
Bxe4 29. Re2 Rde8 30. axb6 axb6 31. Qf2 Qc5 32. Qxf4 Rhf8 33. Qc1 1/2-1/2

[Event "8th HD Bank Cup 2018"]
[Site "Hanoi VIE"]
[Date "2018.03.14"]
[Round "7.25"]
[White "Aravindh, Chithambaram VR."]
[Black "Tokhirjonova, Gulrukhbegim"]
[Result "1-0"]
[WhiteTitle "GM"]
[BlackTitle "WGM"]
[WhiteElo "2617"]
[BlackElo "2318"]
[WhiteFideId "5072786"]
[BlackFideId "14203626"]
[EventDate "2018.03.10"]

1. Nf3 d5 2. g3 Bg4 3. Bg2 c6 4. O-O Nd7 5. d3 Ngf6 6. Qe1 e5 7. e4 dxe4 8. dxe4
Bd6 9. Nbd2 b5 10. h3 Bh5 11. Nh4 O-O 12. Nf5 Bc5 13. Nb3 Bb6 14. a4 a6 15. Be3
c5 16. c4 bxc4 17. Nd2 Ba5 18. g4 Bg6 19. Qc1 Bxd2 20. Bxd2 Ne8 21. Qxc4 Nc7 1-0

[Event "8th HD Bank Cup 2018"]
[Site "Hanoi VIE"]
[Date "2018.03.14"]
[Round "7.26"]
[White "Nguyen, Van Hai"]
[Black "Bogdanovich, Stanislav"]
[Result "1/2-1/2"]
[WhiteTitle "IM"]
[BlackTitle "GM"]
[WhiteElo "2335"]
[BlackElo "2560"]
[WhiteFideId "12400122"]
[BlackFideId "14115298"]
[EventDate "2018.03.10"]

1. e4 d6 2. d4 Nf6 3. Nc3 Nbd7 4. Nf3 e5 5. Bc4 Be7 6. dxe5 dxe5 7. Qe2 O-O 8.
O-O c6 9. Rd1 Qc7 10. a4 Nc5 11. h3 b6 12. Nh4 Re8 13. Qf3 g6 14. Bh6 Be6 15.
Bf1 Kh8 16. Bg5 Nh5 17. Bxe7 Qxe7 18. g3 Qg5 19. Kh2 Rad8 20. Qe2 Qh6 21. Rxd8
Rxd8 22. Rd1 Rd4 23. Nf3 Bg4 24. Kg1 Bxf3 25. Qxf3 Kg7 26. Rxd4 exd4 27. Bc4 f5
28. Ne2 Nxe4 29. Nxd4 Qd2 30. Bd3 Nhf6 31. Nb3 Qe1+ 32. Kg2 Nd5 33. Qe2 Qb4 34.
Bxe4 fxe4 35. Qd2 Qxa4 1/2-1/2

[Event "8th HD Bank Cup 2018"]
[Site "Hanoi VIE"]
[Date "2018.03.14"]
[Round "7.27"]
[White "Nguyen, Anh Dung"]
[Black "Wang, Jue"]
[Result "1/2-1/2"]
[WhiteTitle "GM"]
[BlackTitle "WGM"]
[WhiteElo "2491"]
[BlackElo "2354"]
[WhiteFideId "12400025"]
[BlackFideId "8604070"]
[EventDate "2018.03.10"]

1. e4 c5 2. Nf3 d6 3. d4 cxd4 4. Nxd4 Nf6 5. Nc3 a6 6. Bg5 e6 7. f4 h6 8. Bh4
Qb6 9. Qd2 Qxb2 10. Rb1 Qa3 11. e5 dxe5 12. fxe5 g5 13. Bg3 Nh5 14. Ne4 Nd7 15.
Rb3 Qxa2 16. Qc3 b6 17. Nd6+ Bxd6 18. exd6 Qa5 19. Qxa5 bxa5 20. Be2 Nxg3 21.
hxg3 1/2-1/2

[Event "8th HD Bank Cup 2018"]
[Site "Hanoi VIE"]
[Date "2018.03.14"]
[Round "7.28"]
[White "Duong, The Anh"]
[Black "Pena Gomez, Manuel"]
[Result "0-1"]
[WhiteTitle "IM"]
[BlackTitle "IM"]
[WhiteElo "2327"]
[BlackElo "2478"]
[WhiteFideId "12401277"]
[BlackFideId "2252813"]
[EventDate "2018.03.10"]

1. d4 e6 2. c4 Nf6 3. Nc3 Bb4 4. e3 O-O 5. Ne2 Re8 6. a3 Bf8 7. Ng3 d5 8. Be2 b6
9. cxd5 exd5 10. O-O c5 11. dxc5 bxc5 12. Nh5 Nxh5 13. Bxh5 Ba6 14. Re1 Nc6 15.
Bf3 Ne5 16. Bxd5 Rb8 17. e4 Qh4 18. h3 Rb6 19. Re3 Rf6 20. Rg3 Rxf2 21. Kxf2
Nd3+ 22. Qxd3 Bxd3 23. Bg5 Qh5 24. Rf3 c4 25. Bxf7+ Qxf7 26. Rxf7 Kxf7 27. Rd1
a5 28. Be3 Rb8 29. Rd2 Bd6 30. Ke1 Ke6 31. Kd1 Rf8 32. Kc1 Rf1+ 33. Rd1 Be5 34.
Rxf1 Bxf1 35. Bb6 Bxg2 36. Bxa5 Bxh3 37. a4 Kd7 38. Nd5 Kc6 39. Bd2 Bg2 40. Ne3
Bxe4 41. Nxc4 Bg3 42. b4 h5 43. Be3 h4 44. b5+ Kc7 45. b6+ Kb7 46. Na5+ Kc8 47.
Nb3 h3 48. Bg1 h2 49. Bxh2 Bxh2 50. Nc5 Bc6 0-1

[Event "8th HD Bank Cup 2018"]
[Site "Hanoi VIE"]
[Date "2018.03.14"]
[Round "7.29"]
[White "Laxman, R.R."]
[Black "Gomes, Mary Ann"]
[Result "1/2-1/2"]
[WhiteTitle "GM"]
[BlackTitle "WGM"]
[WhiteElo "2457"]
[BlackElo "2318"]
[WhiteFideId "5005361"]
[BlackFideId "5013623"]
[EventDate "2018.03.10"]

1. d4 f5 2. g3 Nf6 3. Bg2 g6 4. Nf3 Bg7 5. O-O O-O 6. c3 Kh8 7. Nbd2 d6 8. Qc2
Nc6 9. b4 a6 10. e4 fxe4 11. Nxe4 Bf5 12. Nh4 Bxe4 13. Bxe4 Nxe4 14. Qxe4 d5 15.
Qe6 Qd6 16. Re1 Nxd4 17. cxd4 Bxd4 18. Qxd6 cxd6 19. Bh6 Rxf2 20. Red1 Bxa1 21.
Rxa1 Rc8 1/2-1/2

[Event "8th HD Bank Cup 2018"]
[Site "Hanoi VIE"]
[Date "2018.03.14"]
[Round "7.30"]
[White "Dimakiling, Oliver"]
[Black "Anand, Nadar"]
[Result "0-1"]
[WhiteTitle "IM"]
[BlackTitle "FM"]
[WhiteElo "2441"]
[BlackElo "2262"]
[WhiteFideId "5202248"]
[BlackFideId "25009141"]
[EventDate "2018.03.10"]

1. c4 Nf6 2. Nc3 g6 3. Nf3 Bg7 4. d4 d5 5. e3 O-O 6. b4 c6 7. a4 Ne4 8. Bb2 Nxc3
9. Bxc3 Nd7 10. cxd5 cxd5 11. Qb3 Nf6 12. Bd3 Bf5 13. Bxf5 gxf5 14. O-O Ne4 15.
Rfc1 Rc8 16. Be1 e6 17. b5 0-1

[Event "8th HD Bank Cup 2018"]
[Site "Hanoi VIE"]
[Date "2018.03.14"]
[Round "7.31"]
[White "Kathmale, Sameer"]
[Black "Diu, Viacheslav"]
[Result "1/2-1/2"]
[WhiteTitle "IM"]
[BlackTitle "IM"]
[WhiteElo "2320"]
[BlackElo "2426"]
[WhiteFideId "5024498"]
[BlackFideId "4167465"]
[EventDate "2018.03.10"]

1. e4 c6 2. d4 d5 3. Nd2 dxe4 4. Nxe4 Bf5 5. Ng3 Bg6 6. Nh3 e6 7. Nf4 Bd6 8. c3
Nf6 9. h4 Qc7 10. Qf3 Nbd7 11. h5 Bc2 12. h6 g6 13. Bd3 Bxd3 14. Nxd3 Bxg3 15.
fxg3 Qa5 16. Nc5 Rf8 17. Nxb7 Qc7 18. Nc5 Nxc5 19. dxc5 Qe5+ 20. Kf1 Ke7 21. b4
a5 22. Be3 Qxc3 23. Re1 Qc4+ 24. Kg1 Qxb4 25. Rf1 Ng4 26. Qxc6 Rad8 27. Qf3 f6
28. Bf2 Rd2 29. a3 Qc4 30. Qb7+ Rd7 31. Qb1 Rd3 32. c6 Nxf2 33. Qb7+ Kd6 34.
Rxf2 f5 35. Qxh7 Rb8 1/2-1/2

[Event "8th HD Bank Cup 2018"]
[Site "Hanoi VIE"]
[Date "2018.03.14"]
[Round "7.32"]
[White "Nitish, Belurkar"]
[Black "Tu, Hoang Thong"]
[Result "1/2-1/2"]
[WhiteTitle "FM"]
[BlackTitle "GM"]
[WhiteElo "2293"]
[BlackElo "2414"]
[WhiteFideId "5084768"]
[BlackFideId "12400076"]
[EventDate "2018.03.10"]

1. e4 e5 2. Nf3 Nc6 3. Bc4 Be7 4. O-O Nf6 5. Nc3 d6 6. d4 Bg4 7. dxe5 dxe5 8.
Be3 O-O 9. Qxd8 Raxd8 10. Nd5 Nxd5 11. Bxd5 Bxf3 12. gxf3 Nd4 13. Bxd4 exd4 14.
f4 c6 15. Bb3 g6 16. Kg2 Kg7 17. Rad1 b5 18. a4 a6 19. axb5 axb5 20. Ra1 Ra8 1/2-1/2

[Event "8th HD Bank Cup 2018"]
[Site "Hanoi VIE"]
[Date "2018.03.14"]
[Round "7.33"]
[White "Akshat, Khamparia"]
[Black "Dang, Hoang Son"]
[Result "1/2-1/2"]
[WhiteTitle "IM"]
[BlackTitle "FM"]
[WhiteElo "2408"]
[BlackElo "2317"]
[WhiteFideId "5016541"]
[BlackFideId "12402435"]
[EventDate "2018.03.10"]

1. d4 g6 2. c4 Bg7 3. Nc3 d6 4. e4 Nf6 5. Be2 Na6 6. Bg5 c5 7. d5 Qa5 8. Bd2 O-O
9. Nf3 Qb6 10. O-O e6 11. h3 Re8 12. a3 exd5 13. exd5 Bf5 14. g4 Bd7 15. Rb1 h5
16. Nh2 hxg4 17. hxg4 Ne4 18. Nxe4 Rxe4 19. Bd3 Ree8 20. Kg2 Qd8 21. Qf3 Be5 22.
Qh3 Qf6 23. Nf3 Qh8 24. Nxe5 Qxh3+ 25. Kxh3 dxe5 26. f4 e4 27. Be2 Kf8 28. Kg3
Ke7 29. Rh1 b5 30. b3 Rab8 31. Bc3 bxc4 32. bxc4 Rxb1 33. Rxb1 Rb8 34. Rxb8 Nxb8
35. Be5 Na6 36. g5 Bg4 37. Kf2 Kd8 38. Ke3 1/2-1/2

[Event "8th HD Bank Cup 2018"]
[Site "Hanoi VIE"]
[Date "2018.03.14"]
[Round "7.34"]
[White "Kulkarni, Bhakti"]
[Black "Shyaamnikhil, P"]
[Result "1-0"]
[WhiteTitle "CM"]
[BlackTitle "IM"]
[WhiteElo "2275"]
[BlackElo "2394"]
[WhiteFideId "5019516"]
[BlackFideId "5024218"]
[EventDate "2018.03.10"]

1. d4 g6 2. c4 Bg7 3. e4 d6 4. Nc3 e5 5. d5 f5 6. h4 Bh6 7. h5 Qf6 8. Nf3 Na6 9.
b4 Bd7 10. Ba3 Nb8 11. c5 Ne7 12. b5 dxc5 13. Bxc5 Nc8 14. d6 cxd6 15. Nd5 Qd8
16. Bb4 fxe4 17. Nd2 Nc6 18. bxc6 bxc6 19. Nxe4 cxd5 20. Qxd5 Qb6 21. Nxd6+ Nxd6
22. Bxd6 Qb2 23. Qxa8+ Kf7 24. Qf3+ Kg7 25. Rd1 Bg4 26. Ba3 1-0

[Event "8th HD Bank Cup 2018"]
[Site "Hanoi VIE"]
[Date "2018.03.14"]
[Round "7.35"]
[White "Sharma, Dinesh K."]
[Black "Sammed Jaykumar, Shete"]
[Result "0-1"]
[WhiteTitle "IM"]
[WhiteElo "2247"]
[BlackElo "2382"]
[WhiteFideId "5004110"]
[BlackFideId "5073421"]
[EventDate "2018.03.10"]

1. d4 Nf6 2. c4 g6 3. Nc3 d5 4. Nf3 Bg7 5. Bf4 O-O 6. Rc1 Be6 7. e3 dxc4 8. Ng5
Bd5 9. e4 h6 10. exd5 hxg5 11. Bxg5 Nxd5 12. Bxc4 Nb6 13. Bb3 Nc6 14. h4 Qxd4
15. h5 Qxd1+ 16. Rxd1 gxh5 17. Rxh5 Rad8 18. Bf4 Rxd1+ 19. Kxd1 e5 20. Bg5 Nd4
21. Ke1 Nd7 22. Bh6 Bxh6 23. Rxh6 Nxb3 24. axb3 f6 25. Rh3 Rf7 26. Ke2 Nf8 27.
g4 Ne6 28. Rh6 Kg7 29. g5 Nxg5 0-1

[Event "8th HD Bank Cup 2018"]
[Site "Hanoi VIE"]
[Date "2018.03.14"]
[Round "7.36"]
[White "Alfred, Nathan S W"]
[Black "Cao, Sang"]
[Result "0-1"]
[WhiteTitle "FM"]
[BlackTitle "GM"]
[WhiteElo "2208"]
[BlackElo "2381"]
[WhiteFideId "407739"]
[BlackFideId "725056"]
[EventDate "2018.03.10"]

1. d4 Nf6 2. c4 e6 3. Nc3 Bb4 4. e3 Bxc3+ 5. bxc3 b6 6. Bd3 Bb7 7. Nf3 d6 8. O-O
c5 9. Re1 Nc6 10. e4 e5 11. Bg5 h6 12. Bh4 Qe7 13. d5 Na5 14. Nd2 g5 15. Bg3 h5
16. f3 h4 17. Bf2 Bc8 18. Bc2 Bd7 19. Ba4 Nh5 20. Nf1 Bxa4 21. Qxa4+ Qd7 22. Qb5
Ng7 23. Ne3 Ke7 24. Ng4 Raf8 25. Be3 f6 26. Rab1 Ne8 27. Bc1 Nc7 28. Qxd7+ Kxd7
29. Ne3 Ne8 30. Re2 Ng7 31. Bd2 Nh5 32. Be1 Nf4 33. Rd2 Rh7 34. Rb5 Rfh8 35. h3
Ke7 36. Kf1 Rf7 37. Bf2 Rhf8 38. Rd1 Re8 39. Be1 Ng6 40. Rb2 0-1

[Event "8th HD Bank Cup 2018"]
[Site "Hanoi VIE"]
[Date "2018.03.14"]
[Round "7.37"]
[White "Taher, Yoseph Theolifus"]
[Black "Kulkarni, Chinmay"]
[Result "1-0"]
[WhiteTitle "FM"]
[WhiteElo "2375"]
[BlackElo "2215"]
[WhiteFideId "7105347"]
[BlackFideId "5023513"]
[EventDate "2018.03.10"]

1. c4 c5 2. Nc3 Nf6 3. g3 g6 4. Bg2 Nc6 5. Nf3 d6 6. d4 cxd4 7. Nxd4 Bd7 8. b3
Bg7 9. Bb2 O-O 10. O-O Qa5 11. e3 Rac8 12. Rc1 Rfe8 13. Re1 a6 14. a3 Bg4 15.
Qd2 Qh5 16. Nxc6 bxc6 17. Ne4 Nxe4 18. Bxe4 Bxb2 19. Qxb2 Bf3 20. Bxf3 Qxf3 21.
b4 Rb8 22. e4 Qg4 23. Qd4 Rbd8 24. Qb6 Qc8 25. b5 axb5 26. cxb5 c5 27. e5 c4 28.
exd6 Rxd6 29. Qa7 Rd7 30. b6 1-0

[Event "8th HD Bank Cup 2018"]
[Site "Hanoi VIE"]
[Date "2018.03.14"]
[Round "7.38"]
[White "Quizon, Daniel"]
[Black "Zhang, Ziji"]
[Result "0-1"]
[WhiteElo "2204"]
[BlackElo "2374"]
[WhiteFideId "5217911"]
[BlackFideId "8609470"]
[EventDate "2018.03.10"]

1. e4 e5 2. Nf3 Nc6 3. d4 exd4 4. Nxd4 Bb4+ 5. c3 Bc5 6. Nxc6 bxc6 7. Bd3 Qh4 8.
Qe2 Nf6 9. Be3 Bxe3 10. Qxe3 O-O 11. Nd2 Re8 12. O-O d5 13. f3 Bf5 14. Rae1 Bg6
15. e5 d4 16. Qe2 dxc3 17. bxc3 0-1

[Event "8th HD Bank Cup 2018"]
[Site "Hanoi VIE"]
[Date "2018.03.14"]
[Round "7.39"]
[White "Vo, Thanh Ninh"]
[Black "Dixit, Nikhil"]
[Result "0-1"]
[WhiteTitle "IM"]
[WhiteElo "2370"]
[BlackElo "2251"]
[WhiteFideId "12402141"]
[BlackFideId "5059534"]
[EventDate "2018.03.10"]

1. g3 Nf6 2. Bg2 g6 3. c4 Bg7 4. Nc3 O-O 5. e4 d6 6. Nge2 c5 7. O-O Nc6 8. d3
Ne8 9. Be3 Nc7 10. d4 cxd4 11. Nxd4 Ne6 12. Nxe6 Bxe6 13. Nd5 Qd7 14. Rb1 Bh3
15. Bxh3 0-1

[Event "8th HD Bank Cup 2018"]
[Site "Hanoi VIE"]
[Date "2018.03.14"]
[Round "7.40"]
[White "Nguyen, Quoc Hy"]
[Black "Gara, Ticia"]
[Result "0-1"]
[WhiteTitle "CM"]
[BlackTitle "WGM"]
[WhiteElo "2039"]
[BlackElo "2357"]
[WhiteFideId "12410853"]
[BlackFideId "717444"]
[EventDate "2018.03.10"]

1. e4 c5 2. Nf3 d6 3. c3 Nf6 4. Bd3 g6 5. Bc2 Bg7 6. O-O O-O 7. d4 Bg4 8. d5 e6
9. h3 Bxf3 10. Qxf3 exd5 11. exd5 Nbd7 12. Nd2 Ne5 13. Qd1 Re8 14. Ba4 Re7 15.
Nf3 Qa5 16. Nxe5 Rxe5 17. Bb3 0-1

[Event "8th HD Bank Cup 2018"]
[Site "Hanoi VIE"]
[Date "2018.03.14"]
[Round "7.41"]
[White "Manush, Shah"]
[Black "Vogt, Lothar"]
[Result "1/2-1/2"]
[BlackTitle "GM"]
[WhiteElo "2202"]
[BlackElo "2402"]
[WhiteFideId "5040680"]
[BlackFideId "4611292"]
[EventDate "2018.03.10"]

1. d4 d6 2. e4 Nf6 3. Nc3 g6 4. Nf3 Bg7 5. Be2 O-O 6. O-O Bg4 7. Be3 Nc6 8. d5
Bxf3 9. Bxf3 Ne5 10. Be2 c6 11. f4 Ned7 12. Bf3 Qa5 13. Bd4 cxd5 14. exd5 Rfe8
15. g4 Bf8 16. g5 1/2-1/2

[Event "8th HD Bank Cup 2018"]
[Site "Hanoi VIE"]
[Date "2018.03.14"]
[Round "7.42"]
[White "Sihite, Chelsie Monica Ignesias"]
[Black "Abhishek, Kelkar"]
[Result "0-1"]
[WhiteTitle "WIM"]
[BlackTitle "IM"]
[WhiteElo "2189"]
[BlackElo "2370"]
[WhiteFideId "7101198"]
[BlackFideId "5019257"]
[EventDate "2018.03.10"]

1. e4 c5 2. Nf3 e6 3. d4 cxd4 4. Nxd4 a6 5. Bd3 Ne7 6. Nd2 Nbc6 7. Nxc6 Nxc6 8.
O-O Qc7 9. f4 Nb4 10. Nf3 b6 11. Be3 Bb7 12. a3 Bc5 13. Bxc5 Nxd3 14. Bd4 Nxf4
15. Be5 Qc5+ 16. Kh1 Ng6 17. b4 Qc6 18. Bxg7 Rg8 19. Bf6 Qxe4 20. Qd6 Qc6 21.
Qg3 h6 22. c4 Ne7 23. Qf4 Qe4 24. Qd2 Nf5 25. Rae1 Qxc4 26. Rc1 Qd5 27. Qf2 Rg6
28. Rfd1 Qe4 29. Re1 Qg4 30. Be5 f6 31. Bc7 Rc8 32. Bxb6 Rxc1 33. Rxc1 Qf4 0-1

[Event "8th HD Bank Cup 2018"]
[Site "Hanoi VIE"]
[Date "2018.03.14"]
[Round "7.43"]
[White "Pham, Xuan Dat"]
[Black "Pham, Le Thao Nguyen"]
[Result "0-1"]
[BlackTitle "IM"]
[WhiteElo "2118"]
[BlackElo "2354"]
[WhiteFideId "12401307"]
[BlackFideId "12401226"]
[EventDate "2018.03.10"]

1. Nf3 Nf6 2. g3 d5 3. Bg2 c6 4. O-O Bf5 5. d3 e6 6. c4 Be7 7. Qb3 Qb6 8. Be3
Qxb3 9. axb3 a6 10. h3 h6 11. Nc3 Nbd7 12. g4 Bh7 13. Bf4 O-O 14. Rfe1 Bb4 15.
Ra4 a5 16. Be3 Ra6 17. Rc1 Rfa8 18. Ne1 Bf8 19. Rca1 Bg6 20. f4 Nc5 21. R4a3 h5
22. Bf3 hxg4 23. hxg4 Bd6 24. f5 exf5 25. gxf5 Bxf5 26. cxd5 Bg4 27. dxc6 Bxf3
28. Nxf3 bxc6 29. Nd2 Ng4 30. Bf2 Nxf2 31. Kxf2 Ne6 32. Ra4 Bb4 33. R4a2 f5 34.
e3 f4 35. d4 Rd8 36. Nf3 Ra7 37. Rd1 fxe3+ 38. Kxe3 Re7 39. Kd3 Nf4+ 40. Kc4 Re3
41. Ne5 Bxc3 42. bxc3 Rxe5 43. dxe5 Rxd1 0-1

[Event "8th HD Bank Cup 2018"]
[Site "Hanoi VIE"]
[Date "2018.03.14"]
[Round "7.44"]
[White "Li, Ruofan"]
[Black "Nguyen, Phuoc Tam"]
[Result "0-1"]
[WhiteTitle "IM"]
[WhiteElo "2351"]
[BlackElo "2169"]
[WhiteFideId "8600643"]
[BlackFideId "12402109"]
[EventDate "2018.03.10"]

1. d4 Nf6 2. c4 g6 3. Nc3 Bg7 4. e4 d6 5. Nf3 O-O 6. h3 Na6 7. Be3 c6 8. Be2 e5
9. d5 Nc5 10. Nd2 a5 11. g4 cxd5 12. cxd5 Bd7 13. h4 b5 14. g5 Nh5 15. Bxc5 dxc5
16. Bxb5 Nf4 17. Qf3 a4 18. Bxd7 Qxd7 19. Nc4 Qb7 20. Ne2 f5 21. gxf6 Rxf6 22.
Qc3 Ng2+ 23. Kf1 Raf8 24. Kxg2 Rxf2+ 25. Kg3 Qf7 26. Nd2 Rxe2 27. Raf1 Rf2 28.
Qe3 Rf4 29. Qe2 Bh6 30. Kg2 Qd7 0-1

[Event "8th HD Bank Cup 2018"]
[Site "Hanoi VIE"]
[Date "2018.03.14"]
[Round "7.45"]
[White "Looi, Xin Hao"]
[Black "Kunal, M."]
[Result "0-1"]
[WhiteElo "2104"]
[BlackElo "2340"]
[WhiteFideId "5702828"]
[BlackFideId "5018250"]
[EventDate "2018.03.10"]

1. d4 Nf6 2. Nf3 e6 3. Bg5 h6 4. Bh4 c5 5. c3 Nc6 6. e3 b6 7. Nbd2 Bb7 8. Be2 g5
9. Bg3 Nh5 10. Be5 Nxe5 11. Nxe5 Nf6 12. Bf3 Qc7 13. O-O Be7 14. Qe2 a6 15. Rfd1
d6 16. Ng4 Nxg4 17. Bxb7 Qxb7 18. Qxg4 h5 19. Qf3 Qxf3 20. Nxf3 d5 21. b3 f6 22.
Kf1 Kf7 23. Ng1 Rad8 24. a4 cxd4 25. cxd4 e5 26. Ne2 Ke6 27. Rdc1 Rc8 28. f3 Bb4
29. Kf2 h4 30. h3 e4 31. Rxc8 Rxc8 32. Rc1 Rxc1 33. Nxc1 f5 34. Na2 Ba3 35. Ke2
f4 36. fxe4 dxe4 37. Nc3 Kf5 38. Nd5 b5 39. axb5 axb5 40. Nc3 b4 41. Nd5 Ke6 42.
Nc7+ Kd6 43. Ne8+ Ke7 44. Nc7 Bc1 45. exf4 gxf4 46. Nd5+ Ke6 47. Nxb4 Bb2 48.
Nc6 Kd6 49. Ne5 Bxd4 50. Ng6 Be5 51. Nxh4 Ke6 52. Ng6 Bd6 53. Nxf4+ Bxf4 54. g4
Kd5 55. h4 Bg3 56. g5 Bxh4 57. g6 Bf6 58. Ke3 Ke5 59. b4 Bg5+ 60. Kf2 Bh6 61. b5
Kf5 62. b6 Kxg6 63. Kg3 Kf5 64. b7 Bf4+ 0-1

[Event "8th HD Bank Cup 2018"]
[Site "Hanoi VIE"]
[Date "2018.03.14"]
[Round "7.46"]
[White "Lee, Jun Hyeok"]
[Black "Jishitha, D"]
[Result "1/2-1/2"]
[WhiteTitle "FM"]
[BlackTitle "WFM"]
[WhiteElo "2286"]
[BlackElo "2099"]
[WhiteFideId "13202340"]
[BlackFideId "35031660"]
[EventDate "2018.03.10"]

1. Nf3 d5 2. e3 Bg4 3. c4 c6 4. Qb3 Qb6 5. cxd5 Bxf3 6. gxf3 Qxb3 7. axb3 cxd5
8. Nc3 e6 9. Nb5 Kd7 10. Rxa7 Rxa7 11. Nxa7 Nc6 12. Nxc6 bxc6 13. d4 Bd6 14. Bd2
Ne7 15. Bd3 Rb8 16. Bc2 g6 17. Ke2 Ra8 18. h3 Ra2 19. Bc3 Nc8 20. Rb1 Na7 21.
Bd3 Nb5 22. Bd2 Be7 23. Kd1 Bh4 24. Ke2 Be7 25. f4 Bd6 26. Kd1 Be7 27. Be1 Bd6
28. Ke2 Na3 29. Rd1 Rxb2+ 30. Rd2 Rxb3 31. Ra2 f6 32. Bd2 e5 33. fxe5 fxe5 34.
dxe5 Bxe5 35. f4 Bd6 36. f5 g5 37. Bc1 h5 38. Bxa3 Bxa3 39. Rc2 Rb2 40. Rxb2
Bxb2 1/2-1/2